000 00386nam a2200169Ia 4500
001 675
003 IN-NITTTR
005 20251114232900.0
008 251113s9999||||xx |||||||||||||| ||eng||
040 _beng
040 _cIN-NITTTR
041 _aeng
082 _a542 SEW-E
100 _aSelwood, P. W.
245 0 _aExperiments in general chemistry /
_cSelwood, P. W.
942 _2ddc
_cBK
999 _c340
_d340